[Event "Mechanics' Winter TNM; 30/90, SD/30"]
[Site "San Francisco"]
[Date "2009.02.17"]
[Round "7.18"]
[White "MacIntyre, Brendan"]
[Black "Bultman, Charles"]
[Result "1-0"]
[WhiteElo "1654"]
[BlackElo "1777"]
[PlyCount "111"]
[EventDate "2009.??.??"]

1. d4 Nf6 2. c4 g6 3. Nc3 Bg7 4. e4 d6 5. Be2 O-O 6. Nf3 e5 7. d5 Na6 8. O-O
Bd7 9. a3 Nc5 10. Bd3 a5 11. Be3 Qe7 12. Bxc5 dxc5 13. Bc2 Ne8 14. Re1 Nd6 15.
Qe2 Bg4 16. b3 f5 17. h3 Bxf3 18. Qxf3 fxe4 19. Qe3 Nf5 20. Qxe4 Nd4 21. Ne2
Nxc2 22. Qxc2 Qf7 23. Ng3 e4 24. Ra2 e3 25. Rxe3 Bd4 26. Rf3 Qe7 27. Rxf8+ Rxf8
28. Qe4 Qd6 29. Qg4 h5 30. Nxh5 Qe7 31. Qxg6+ Kh8 32. Qh6+ Kg8 33. Qe6+ Qf7 34.
Qxf7+ Rxf7 35. Re2 Kf8 36. Ng3 Rf6 37. Kf1 Rb6 38. b4 axb4 39. axb4 Rxb4 40.
Rc2 b5 41. cxb5 c4 42. Nf5 Ba1 43. Ne3 c3 44. Ke2 Rb2 45. Kd3 Rxb5 46. Kc4 Rb1
47. Kc5 Bb2 48. Kc6 Rc1 49. Kxc7 Ra1 50. Nc4 Rc1 51. Rxc1 Bxc1 52. d6 c2 53.
Na5 Bb2 54. Nb3 c1=Q+ 55. Nxc1 Bxc1 56. d7 1-0

[Event "Mechanics' Summer TNM; 30/90, SD/30"]
[Site "San Francisco"]
[Date "2009.07.07"]
[Round "7.24"]
[White "MacIntyre, Brendan"]
[Black "Chen, Max"]
[Result "0-1"]
[WhiteElo "1689"]
[BlackElo "1506"]
[PlyCount "84"]
[EventDate "2009.??.??"]

1. d4 Nf6 2. c4 g6 3. Nc3 Bg7 4. e4 d6 5. Be2 O-O 6. Nf3 Nbd7 7. O-O e5 8. d5
a5 9. Qc2 Nc5 10. Be3 Nfd7 11. Na4 f5 12. Bxc5 Nxc5 13. Nxc5 dxc5 14. Bd3 f4
15. Rad1 g5 16. Ne1 Kh8 17. f3 Rg8 18. Be2 h5 19. Nd3 b6 20. Nf2 Bf8 21. Qc3
Bd6 22. Nd3 Qf6 23. Rd2 g4 24. Bd1 Bd7 25. a4 Rae8 26. b3 g3 27. h3 Qh4 28. Re1
Rg5 29. Qb2 Reg8 30. Ree2 Bxh3 31. gxh3 Qxh3 32. Rg2 Qd7 33. Nxf4 h4 34. Ne6
R5g6 35. f4 h3 36. f5 Rh6 37. Qc3 hxg2 38. Rxg2 Qh7 39. Kf1 Rh1+ 40. Ke2 Qh5+
41. Qf3 Qxf3+ 42. Kxf3 Rxd1 0-1

[Event "Mechanics' Winter TNM; 30/90, SD/30"]
[Site "San Francisco"]
[Date "2009.01.20"]
[Round "3.14"]
[White "MacIntyre, Brendan"]
[Black "Drane, Robert"]
[Result "0-1"]
[WhiteElo "1654"]
[BlackElo "1857"]
[PlyCount "112"]
[EventDate "2009.??.??"]

1. d4 f5 2. c4 d6 3. Nc3 Nf6 4. Nf3 g6 5. Bf4 Bg7 6. g3 O-O 7. Bg2 c6 8. O-O
Qb6 9. Rb1 h6 10. b4 Nh5 11. c5 dxc5 12. dxc5 Qd8 13. Qb3+ Kh7 14. Be5 Qd7 15.
Bxg7 Kxg7 16. e3 Qe8 17. Qb2 e5 18. Ne2 Nd7 19. Nf4 Nhf6 20. Ne2 e4 21. Nfd4
Ne5 22. Nf4 g5 23. Nfe2 Qh5 24. Ne6+ Bxe6 25. Qxe5 Rae8 26. Qb2 Kh7 27. Nd4 f4
28. Nxe6 Rxe6 29. exf4 gxf4 30. gxf4 Rg8 31. Qb3 Nd5 32. Kh1 Nxf4 33. Rg1 Nxg2
34. Rxg2 Qf3 35. Qxf3 exf3 36. Rxg8 Kxg8 37. Rd1 Re2 38. Ra1 Kf7 39. h3 Ke6 40.
Kh2 Rxf2+ 41. Kg3 Rb2 42. Kxf3 Rxb4 43. Rd1 h5 44. Rd6+ Ke5 45. Rh6 h4 46. Rh5+
Kf6 47. Rh8 Rc4 48. Rh5 b6 49. cxb6 axb6 50. a3 b5 51. Rh8 Kf5 52. Rh5+ Ke6 53.
Rg5 c5 54. Rg4 Rxg4 55. hxg4 b4 56. a4 b3 0-1

[Event "Mechanics' Summer TNM; 30/90, SD/30"]
[Site "San Francisco"]
[Date "2009.06.09"]
[Round "3.15"]
[White "MacIntyre, Brendan"]
[Black "Farzaneh-Far, Ramin"]
[Result "0-1"]
[WhiteElo "1689"]
[BlackElo "1921"]
[PlyCount "48"]
[EventDate "2009.??.??"]

1. d4 e6 2. c4 d5 3. Nc3 Nf6 4. e3 c6 5. Nf3 Nbd7 6. Bd3 dxc4 7. Bxc4 b5 8. Bd3
Bb7 9. O-O Be7 10. e4 b4 11. Ne2 c5 12. Ng3 cxd4 13. Nxd4 O-O 14. Bf4 e5 15.
Ndf5 exf4 16. Nh5 Nxh5 17. Qxh5 g6 18. Nh6+ Kh8 19. Qe2 Ne5 20. Bc4 Qc8 21.
Rac1 Nxc4 22. Rxc4 Qe6 23. b3 Ba6 24. Qb2+ Bf6 0-1

[Event "Mechanics' Wilkerson Mem TNM; 30/90, SD"]
[Site "San Francisco"]
[Date "2009.08.04"]
[Round "2.8"]
[White "MacIntyre, Brendan"]
[Black "Gray, William"]
[Result "0-1"]
[WhiteElo "1703"]
[BlackElo "2061"]
[PlyCount "76"]
[EventDate "2009.??.??"]

1. d4 Nf6 2. c4 d6 3. Nc3 e5 4. dxe5 dxe5 5. Qc2 Bc5 6. h3 Nc6 7. Nf3 Nb4 8.
Qb1 e4 9. Nxe4 Bf5 10. Nxf6+ Qxf6 11. e4 Qe7 12. Bd3 O-O-O 13. O-O Bxh3 14. Be2
Bg4 15. a3 Nc6 16. b4 Bd6 17. c5 Be5 18. Ra2 h5 19. Be3 Nd4 20. Nxd4 Bxd4 21.
Bxd4 Rxd4 22. f3 Be6 23. Rc2 h4 24. c6 b6 25. Ba6+ Kb8 26. Rd1 Rhd8 27. Rxd4
Rxd4 28. Qc1 Qd8 29. Qf4 Rd1+ 30. Kf2 g5 31. Qe3 g4 32. fxg4 Bxg4 33. e5 Bf5
34. Rb2 h3 35. gxh3 Qh4+ 36. Ke2 Re1+ 37. Kd2 Rxe3 38. Kxe3 Qe4+ 0-1

[Event "Mechanics' Summer TNM; 30/90, SD/30"]
[Site "San Francisco"]
[Date "2009.06.25"]
[Round "5.16"]
[White "MacIntyre, Brendan"]
[Black "Luke, Gary"]
[Result "1/2-1/2"]
[WhiteElo "1689"]
[BlackElo "1800"]
[PlyCount "108"]
[EventDate "2009.??.??"]

1. d4 d5 2. c4 c6 3. Nc3 Nf6 4. Nf3 a6 5. Bg5 Ne4 6. Bf4 e6 7. e3 Bb4 8. Qc2
Qa5 9. Rc1 Qxa2 10. Bd3 Bxc3+ 11. bxc3 Qxc2 12. Rxc2 b5 13. c5 Nd7 14. Nd2
Nexc5 15. dxc5 Nxc5 16. Be2 f6 17. Bd6 Nb7 18. Ba3 Na5 19. e4 e5 20. O-O Be6
21. f4 dxe4 22. Nxe4 exf4 23. Rxf4 O-O-O 24. Nc5 Bf7 25. Bg4+ Kc7 26. Nxa6+ Kb6
27. Nc5 Rd5 28. Rf5 Rhd8 29. Rxd5 Rxd5 30. Nd7+ Kc7 31. Nf8 Nc4 32. Bc1 h5 33.
Be6 Rd1+ 34. Kf2 Ne5 35. Bf4 Be8 36. Bxe5+ fxe5 37. Bf5 Kd6 38. Bg6 Bxg6 39.
Nxg6 Ke6 40. Ke2 Rd8 41. Ke3 c5 42. Ke4 Rd1 43. Re2 b4 44. cxb4 Rd4+ 45. Kf3
cxb4 46. Nxe5 Kd5 47. Nd7 g5 48. Nf6+ Kc4 49. Re4 b3 50. Rxd4+ Kxd4 51. Ne4 b2
52. Nd2 Kd3 53. Nb1 Kc2 54. Na3+ Kb3 1/2-1/2

[Event "Mechanics' Wilkerson Mem TNM; 30/90, SD"]
[Site "San Francisco"]
[Date "2009.09.15"]
[Round "7.20"]
[White "MacIntyre, Brendan"]
[Black "Molinari, Rory"]
[Result "1-0"]
[WhiteElo "1703"]
[BlackElo "1252"]
[PlyCount "83"]
[EventDate "2009.??.??"]

1. d4 d5 2. c4 c6 3. e3 Nf6 4. Nc3 Bf5 5. Nf3 Nbd7 6. Be2 e6 7. O-O b6 8. Nh4
Bg4 9. Bxg4 Ne4 10. Nf3 Ndf6 11. Ne5 Bd6 12. cxd5 Nxc3 13. bxc3 cxd5 14. Qa4+
Nd7 15. f4 Qc7 16. c4 Bxe5 17. fxe5 Qxc4 18. Qxc4 dxc4 19. Ba3 b5 20. Bf3 Rd8
21. Bc6 a6 22. Bd6 c3 23. a4 f6 24. axb5 axb5 25. Ra7 Rg8 26. exf6 gxf6 27.
Rxf6 c2 28. Ra1 Rc8 29. Bxd7+ Kxd7 30. Ba3 b4 31. Bb2 Kd6 32. e4 Rc4 33. Rf3
Rgc8 34. Rc1 Ra8 35. Kf2 Ra2 36. Rb3 Kc6 37. Ke2 Kb5 38. Kd3 Rxb2 39. Rxb2 Rc3+
40. Kd2 Kc4 41. Rcxc2 Rxc2+ 42. Kxc2 1-0

[Event "Mechanics' Winter TNM; 30/90, SD/30"]
[Site "San Francisco"]
[Date "2009.01.27"]
[Round "4.21"]
[White "MacIntyre, Brendan"]
[Black "Morgan, Jerry"]
[Result "1-0"]
[WhiteElo "1654"]
[BlackElo "1393"]
[PlyCount "61"]
[EventDate "2009.??.??"]

1. d4 f5 2. c4 Nf6 3. Nc3 g6 4. Nf3 d6 5. Bg5 Bg7 6. e3 O-O 7. Bd3 Qe8 8. O-O
e5 9. dxe5 dxe5 10. e4 fxe4 11. Nxe4 Nxe4 12. Bxe4 c6 13. Qc2 Bf5 14. Rfe1 Na6
15. c5 Nc7 16. Qb3+ Rf7 17. Rad1 Be6 18. Qxb7 Nd5 19. Qa6 Rb8 20. Qe2 Nf4 21.
Qa6 Nd5 22. Qa4 Rb5 23. Qc2 Bf5 24. a3 a5 25. Qc4 Rb8 26. Bxd5 cxd5 27. Qxd5
Qe6 28. Qxe6 Bxe6 29. Rd8+ Rxd8 30. Bxd8 a4 31. Ng5 1-0

[Event "Mechanics' Spring TNM; 30/90, SD/30"]
[Site "San Francisco"]
[Date "2009.03.17"]
[Round "2"]
[White "MacIntyre, Brendan"]
[Black "Naroditsky, Alan"]
[Result "0-1"]
[WhiteElo "1642"]
[BlackElo "2025"]
[PlyCount "120"]
[EventDate "2009.??.??"]

1. d4 f5 2. c4 Nf6 3. Nc3 g6 4. Nf3 d6 5. Bf4 Bg7 6. Qd2 O-O 7. Bh6 Qe8 8. Bxg7
Kxg7 9. e3 e5 10. dxe5 dxe5 11. Be2 Na6 12. O-O Bd7 13. a3 Rd8 14. b4 c5 15.
Qb2 e4 16. Nd2 Qe5 17. Rab1 cxb4 18. axb4 Kg8 19. Rfd1 f4 20. Ncxe4 Qxb2 21.
Rxb2 fxe3 22. Nxf6+ Rxf6 23. fxe3 Be6 24. Ne4 Rxd1+ 25. Bxd1 Rf8 26. Nd6 Rd8
27. c5 b6 28. Be2 Nc7 29. Ne4 Bf5 30. Bc4+ Kg7 31. Nd6 Be6 32. cxb6 axb6 33.
Bxe6 Rxd6 34. Bg4 Rd3 35. e4 Rd4 36. Bf3 Na6 37. b5 Nc5 38. e5 Kf7 39. Re2 Ke6
40. Re3 Nd3 41. Re4 Rxe4 42. Bxe4 Nxe5 43. h3 Kd6 44. Bb7 Kc5 45. Ba6 Nc4 46.
Kf2 Nd6 47. Kf3 Nxb5 48. Kg4 h6 49. h4 Nd6 50. Bd3 Nf7 51. Kf4 g5+ 52. hxg5
hxg5+ 53. Kf5 Kd6 54. Bb5 Ke7 55. g3 Nd6+ 56. Kxg5 Nxb5 57. Kg6 Nd6 58. Kg5 b5
59. Kf4 Kf6 60. Ke3 Kg5 0-1

[Event "Mechanics' Wilkerson Mem TNM; 30/90, SD"]
[Site "San Francisco"]
[Date "2009.08.18"]
[Round "3.13"]
[White "MacIntyre, Brendan"]
[Black "Ramachandran, Jayakrishnan"]
[Result "0-1"]
[WhiteElo "1703"]
[BlackElo "1869"]
[PlyCount "54"]
[EventDate "2009.??.??"]

1. d4 Nf6 2. c4 e6 3. Nc3 d5 4. e3 Be7 5. Nf3 Nbd7 6. Bd3 O-O 7. Qc2 h6 8. O-O
b6 9. cxd5 exd5 10. a3 Bb7 11. b4 a5 12. b5 Re8 13. Bb2 Bd6 14. Nd2 Qe7 15. h3
Ne4 16. Ndxe4 dxe4 17. Bc4 Nf6 18. Ne2 Rac8 19. Qd2 Nd5 20. Rfc1 Qg5 21. Rc2
Re6 22. f4 exf3 23. Nf4 Nxf4 24. Bxe6 Nxe6 25. Qe1 Be4 26. Rd2 Bg3 27. Rf2
Bxf2+ 0-1

[Event "Mechanics' Wilkerson Mem TNM; 30/90, SD"]
[Site "San Francisco"]
[Date "2009.09.01"]
[Round "5.13"]
[White "MacIntyre, Brendan"]
[Black "Riese, Kavyen"]
[Result "0-1"]
[WhiteElo "1703"]
[BlackElo "1843"]
[PlyCount "134"]
[EventDate "2009.??.??"]

1. d4 Nf6 2. c4 e6 3. Nc3 Bb4 4. Nf3 c5 5. e3 Nc6 6. a3 Bxc3+ 7. bxc3 b6 8. Bd3
d6 9. e4 e5 10. d5 Na5 11. Rb1 Ba6 12. Qe2 h6 13. O-O Qd7 14. Nd2 g5 15. Nb3
Nxb3 16. Rxb3 Qa4 17. Rb1 O-O-O 18. Be3 Rdg8 19. Rb2 h5 20. f3 h4 21. Rfb1 Nh5
22. Qc2 Qxc2 23. Rxc2 Nf4 24. Bxf4 gxf4 25. a4 Kc7 26. Ra1 Rb8 27. Rb2 Rb7 28.
Rab1 Rg8 29. Kf2 f6 30. Bf1 Rbb8 31. Bd3 Bc8 32. a5 h3 33. axb6+ Rxb6 34. gxh3
Rxb2+ 35. Rxb2 Bxh3 36. Bf1 Bd7 37. Ke2 f5 38. exf5 Bxf5 39. Rb5 a6 40. Rb2 Rh8
41. Kd1 e4 42. fxe4 Bxe4 43. Ke1 a5 44. Re2 Re8 45. Kf2 a4 46. Ra2 Ra8 47. Be2
a3 48. Bd1 Bb1 49. Ra1 a2 50. Kf3 Ra3 51. h4 Rxc3+ 52. Kxf4 Rxc4+ 53. Kg5 Rc3
54. h5 c4 55. h6 Rh3 56. Bg4 Rh2 57. Bf5 Bxf5 58. Kxf5 c3 59. Ke4 Kb6 60. h7
Kc5 61. h8=Q Rxh8 62. Rxa2 Rh4+ 63. Kd3 Rh3+ 64. Ke4 Kb4 65. Ra6 c2 66. Rc6 Rc3
67. Rxd6 c1=Q 0-1

[Event "Mechanics' Summer TNM; 30/90, SD/30"]
[Site "San Francisco"]
[Date "2009.05.26"]
[Round "1.8"]
[White "MacIntyre, Brendan"]
[Black "Sandberg, Evan"]
[Result "0-1"]
[WhiteElo "1689"]
[BlackElo "2053"]
[PlyCount "84"]
[EventDate "2009.??.??"]

1. d4 d5 2. c4 c6 3. Nc3 Nf6 4. e3 e6 5. Nf3 Nbd7 6. Bd3 dxc4 7. Bxc4 b5 8. Bd3
Bb7 9. O-O a6 10. e4 c5 11. e5 Nd5 12. Re1 cxd4 13. Nxd5 Bxd5 14. Nxd4 Bc5 15.
Qg4 Qb6 16. Qxg7 O-O-O 17. Bxh7 Bxd4 18. Be3 Nxe5 19. Bxd4 Qxd4 20. Rac1+ Kb7
21. Rxe5 Rxh7 22. Qg3 f5 23. Qe3 Qxe3 24. Rxe3 Bxa2 25. b3 Rhd7 26. Kf1 Rd1+
27. Rxd1 Rxd1+ 28. Ke2 Rd6 29. h4 Bb1 30. f4 Be4 31. Rg3 Rd7 32. h5 Rh7 33. Rg5
Bd5 34. b4 Kc6 35. Kd3 Kd6 36. Kd4 Bb3 37. g4 fxg4 38. Ke3 g3 39. Kf3 Rxh5 40.
Kxg3 Rxg5+ 41. fxg5 Bc2 42. Kf4 e5+ 0-1

[Event "Mechanics' Spring TNM; 30/90, SD/30"]
[Site "San Francisco"]
[Date "2009.05.05"]
[Round "8.13"]
[White "MacIntyre, Brendan"]
[Black "Smelansky, Vadim"]
[Result "0-1"]
[WhiteElo "1642"]
[BlackElo "1798"]
[PlyCount "126"]
[EventDate "2009.??.??"]

1. d4 d5 2. c4 e6 3. Nc3 Nf6 4. e3 Bb4 5. Nf3 O-O 6. Bd3 dxc4 7. Bxc4 c6 8. O-O
b5 9. Bd3 Bb7 10. e4 h6 11. e5 Bxc3 12. bxc3 Nd5 13. Qc2 Nd7 14. Ba3 Re8 15.
Rab1 Nf4 16. Be4 Rc8 17. Bc1 Nd5 18. c4 N5b6 19. c5 Nd5 20. a4 a5 21. axb5 cxb5
22. Nd2 Ba6 23. Bh7+ Kh8 24. Ne4 Nb4 25. Rxb4 axb4 26. Nd6 Qe7 27. Nxe8 Qxe8
28. Be4 Nb8 29. f4 Nc6 30. Bb2 Bb7 31. f5 b3 32. Qe2 Qd8 33. Qe3 exf5 34. Rxf5
Qe7 35. d5 Na5 36. Qf2 Qxc5 37. Rxf7 Qxf2+ 38. Rxf2 Nc4 39. e6 Nxb2 40. e7 Kg8
41. Bg6 Bxd5 42. e8=Q+ Rxe8 43. Bxe8 Nd3 44. Rd2 Bc4 45. Bg6 b2 46. Bxd3 Bxd3
47. Rxb2 Kf7 48. Kf2 Bc4 49. Kf3 Ke6 50. Ke4 Kd6 51. Kd4 g6 52. h4 h5 53. g3
Ke6 54. Ke4 Kf6 55. Kf4 Ke6 56. Kg5 Bd3 57. Rb3 Bc4 58. Rc3 Kd5 59. Kxg6 Be2
60. Kf5 Kd4 61. Rc7 b4 62. Kf4 b3 63. g4 Bxg4 0-1

[Event "Mechanics' Spring TNM; 30/90, SD/30"]
[Site "San Francisco"]
[Date "2009.04.21"]
[Round "6.15"]
[White "MacIntyre, Brendan"]
[Black "Standen, Julian"]
[Result "1-0"]
[WhiteElo "1642"]
[BlackElo "1791"]
[PlyCount "49"]
[EventDate "2009.??.??"]

1. d4 d5 2. c4 c6 3. Nc3 Nf6 4. e3 Bf5 5. Nf3 e6 6. Be2 Bd6 7. O-O h6 8. Ne5
Bxe5 9. dxe5 Nfd7 10. f4 O-O 11. b3 Qe7 12. a4 Rd8 13. Ba3 Qe8 14. cxd5 cxd5
15. Nb5 f6 16. Nd6 Qg6 17. Bh5 Qh7 18. Rc1 Na6 19. g4 Bg6 20. f5 Bxh5 21. gxh5
Nxe5 22. fxe6 Nc6 23. Qg4 Nab4 24. Bxb4 Nxb4 25. Qxb4 1-0

[Event "Mechanics' Winter TNM; 30/90, SD/30"]
[Site "San Francisco"]
[Date "2009.01.06"]
[Round "1.8"]
[White "MacIntyre, Brendan"]
[Black "Traub, Igor"]
[Result "0-1"]
[WhiteElo "1654"]
[BlackElo "2027"]
[PlyCount "82"]
[EventDate "2009.??.??"]

1. d4 d5 2. c4 c6 3. Nc3 Nf6 4. e3 a6 5. Nf3 e6 6. Bd3 dxc4 7. Bxc4 b5 8. Bd3
Nbd7 9. O-O Be7 10. Qc2 Bb7 11. a3 c5 12. Be2 Qc7 13. dxc5 Nxc5 14. Bd2 O-O 15.
Rac1 Rac8 16. Nd4 e5 17. Nf5 Rfe8 18. b4 Nce4 19. Qb2 Nxd2 20. Nxe7+ Rxe7 21.
Qxd2 Qb6 22. Qb2 Rec7 23. Na2 Qe6 24. Rxc7 Rxc7 25. Nc1 Qc6 26. Bf3 e4 27. Be2
Qc3 28. Rd1 Kf8 29. Qb3 Bd5 30. Qxc3 Rxc3 31. a4 bxa4 32. Bxa6 a3 33. Ne2 Rb3
34. Nd4 Rxb4 35. Nc2 Ra4 36. Bb5 Ra5 37. Bf1 Bb3 38. Rd2 Bxc2 39. Rxc2 a2 40.
Rc8+ Ke7 41. Rc7+ Kd6 0-1

[Event "Mechanics' Wilkerson Mem TNM; 30/90, SD"]
[Site "San Francisco"]
[Date "2009.09.29"]
[Round "9.18"]
[White "MacIntyre, Brendan"]
[Black "Zhang, Jeffrey"]
[Result "1-0"]
[WhiteElo "1703"]
[BlackElo "1491"]
[PlyCount "109"]
[EventDate "2009.??.??"]

1. d4 e6 2. c4 d5 3. Nc3 Nf6 4. e3 c6 5. Nf3 Be7 6. Bd3 Nbd7 7. O-O O-O 8. Re1
Re8 9. e4 dxe4 10. Nxe4 Nxe4 11. Bxe4 Bf6 12. Qc2 Nf8 13. Be3 Qe7 14. Ne5 Ng6
15. f4 Bd7 16. Rad1 Rad8 17. c5 Bxe5 18. dxe5 Bc8 19. Rd6 Rd7 20. Red1 Red8 21.
b4 a6 22. a4 Rxd6 23. cxd6 Qd7 24. Rf1 Qe8 25. Rf3 f5 26. Bd3 b5 27. a5 Bb7 28.
Rf1 Rc8 29. Qb3 Kh8 30. Rd1 Nf8 31. Bb1 Nd7 32. Ba2 Qh5 33. Qd3 Nf8 34. Bb6 c5
35. d7 Qg4 36. g3 Ra8 37. d8=Q c4 38. Qxa8 Bxa8 39. Qd8 Qxd1+ 40. Qxd1 Bd5 41.
Bb1 g6 42. g4 Kg7 43. gxf5 gxf5 44. Qh5 Ng6 45. Qg5 Bf3 46. Kf2 Bg4 47. Qf6+
Kh6 48. Qxe6 Kh5 49. Kg3 c3 50. Qf6 Kh6 51. e6 Bd1 52. e7 c2 53. e8=Q cxb1=Q
54. Qef8+ Kh5 55. Qg5# 1-0

[Event "Mechanics' Fall TNM; 30/90, SD/30"]
[Site "San Francisco"]
[Date "2009.10.20"]
[Round "1.8"]
[White "Macintyre, Brendan"]
[Black "Klinetobe, David"]
[Result "1/2-1/2"]
[WhiteElo "1667"]
[BlackElo "2043"]
[PlyCount "80"]
[EventDate "2009.??.??"]

1. d4 Nf6 2. c4 e6 3. Nc3 Bb4 4. Nf3 b6 5. e3 Bb7 6. Bd3 O-O 7. O-O d5 8. a3
Bd6 9. Ne5 c5 10. Nb5 Be7 11. Qc2 Nc6 12. cxd5 exd5 13. Bd2 c4 14. Bf5 g6 15.
Bh3 Ne4 16. g3 a6 17. Nxc6 Bxc6 18. Nc3 Nxd2 19. Qxd2 b5 20. Bg2 f5 21. Qe2 Qd7
22. Rfb1 Kg7 23. Qc2 a5 24. b3 b4 25. axb4 axb4 26. Ne2 Bb5 27. bxc4 Bxc4 28.
Nc1 Rfc8 29. Nb3 Qb5 30. Qb2 Ra3 31. Nc5 Rca8 32. Rxa3 Rxa3 33. h4 Ra5 34. Qxb4
Qxb4 35. Rxb4 Bxc5 36. Rb7+ Kg8 37. dxc5 Rxc5 38. Rd7 Ra5 39. Bf3 Ra1+ 40. Kg2
Ra5 1/2-1/2

[Event "Mechanics' Fall TNM; 30/90, SD/30"]
[Site "San Francisco"]
[Date "2009.11.03"]
[Round "3.25"]
[White "Macintyre, Brendan"]
[Black "Krawczyk, Steven"]
[Result "1-0"]
[WhiteElo "1667"]
[BlackElo "981"]
[PlyCount "55"]
[EventDate "2009.??.??"]

1. d4 d5 2. c4 e5 3. dxe5 d4 4. Nf3 c5 5. g3 Be6 6. Qc2 Nc6 7. a3 Na5 8. Nbd2
g6 9. Bg2 Bg7 10. O-O Ne7 11. b4 Nac6 12. bxc5 Nxe5 13. Nxe5 Bxe5 14. Rb1 Bf5
15. Qa4+ Nc6 16. Rxb7 Rc8 17. Bxc6+ Kf8 18. Bd5 Rc7 19. c6 h5 20. Nf3 Bd6 21.
Nxd4 h4 22. Nxf5 hxg3 23. fxg3 gxf5 24. Rxf5 Rxb7 25. cxb7 Qb6+ 26. Kg2 Rh7 27.
Qd7 Qd4 28. Rxf7+ 1-0

[Event "Mechanics' Fall TNM; 30/90, SD/30"]
[Site "San Francisco"]
[Date "2009.12.15"]
[Round "9.20"]
[White "Macintyre, Brendan"]
[Black "Litowsky, Daniel"]
[Result "0-1"]
[WhiteElo "1667"]
[BlackElo "1700"]
[PlyCount "54"]
[EventDate "2009.??.??"]

1. d4 d5 2. c4 c6 3. Nc3 Nf6 4. e3 Bf5 5. Nf3 Nbd7 6. Be2 h6 7. O-O e6 8. Ne5
Nxe5 9. dxe5 Nd7 10. f4 Bc5 11. a3 a5 12. Na4 Be7 13. Bd3 Bxd3 14. Qxd3 O-O 15.
Bd2 dxc4 16. Qc2 b5 17. Nc3 Qb6 18. Ne4 Nc5 19. Nxc5 Bxc5 20. Kf2 Rfd8 21. Rad1
Rd3 22. Rfe1 Rad8 23. Bc1 b4 24. Rxd3 cxd3 25. Qd2 Qb5 26. Qd1 Qc4 27. Re2
Qxf4+ 0-1

[Event "Mechanics' Fall TNM; 30/90, SD/30"]
[Site "San Francisco"]
[Date "2009.11.24"]
[Round "6.24"]
[White "Macintyre, Brendan"]
[Black "Starr, Albert"]
[Result "1-0"]
[WhiteElo "1667"]
[BlackElo "1464"]
[PlyCount "87"]
[EventDate "2009.??.??"]

1. d4 e6 2. c4 c5 3. e3 Nf6 4. Nc3 a6 5. Nf3 Be7 6. Bd3 g6 7. O-O O-O 8. d5
exd5 9. cxd5 b5 10. e4 d6 11. Bh6 Re8 12. Qd2 Ng4 13. Bf4 Bf6 14. Rfe1 Bb7 15.
h3 Ne5 16. Nxe5 Bxe5 17. Be3 Nd7 18. Bb1 Bg7 19. f4 Qc7 20. Ne2 Nb6 21. b3 Re7
22. e5 Qd7 23. exd6 Ree8 24. Bxc5 Nxd5 25. f5 Nf6 26. fxg6 hxg6 27. Nf4 Be4 28.
b4 Rad8 29. a3 Bh6 30. Qf2 Qb7 31. Bxe4 Nxe4 32. Qh4 Bg5 33. Qg4 Re5 34. Bd4
Rf5 35. Nxg6 Nxd6 36. Ne7+ Kf8 37. Nxf5 Nxf5 38. Bc5+ Be7 39. Qxf5 Bxc5+ 40.
Qxc5+ Kg8 41. Re7 Qb8 42. Rf1 Qg3 43. Rexf7 Rd1 44. Qf8# 1-0

[Event "Mechanics' Summer TNM; 30/90, SD/30"]
[Site "San Francisco"]
[Date "2009.05.26"]
[Round "1.7"]
[White "Manvelyan, Hayk"]
[Black "Adkins, Rico"]
[Result "1-0"]
[WhiteElo "2072"]
[BlackElo "1694"]
[PlyCount "53"]
[EventDate "2009.??.??"]

1. e4 c5 2. Nc3 a6 3. g3 b5 4. Bg2 Bb7 5. d3 g6 6. Be3 b4 7. Nce2 Qa5 8. Qd2
Bg7 9. c3 h5 10. f4 Nf6 11. Nf3 bxc3 12. bxc3 c4 13. Ne5 cxd3 14. Qxd3 d5 15.
Qb1 Qc7 16. Qb3 e6 17. Rb1 Bc8 18. exd5 exd5 19. Bxd5 Nxd5 20. Qxd5 Bxe5 21.
Qxa8 Bxc3+ 22. Kf2 Nd7 23. Rhc1 Be1+ 24. Kxe1 Qa5+ 25. Bd2 Qxa2 26. Qxc8+ Ke7
27. Qxh8 1-0

[Event "Mechanics' Wilkerson Mem TNM; 30/90, SD"]
[Site "San Francisco"]
[Date "2009.09.01"]
[Round "5.6"]
[White "Manvelyan, Hayk"]
[Black "Afkham-Ebrahimi, Payam"]
[Result "1-0"]
[WhiteElo "2071"]
[BlackElo "1838"]
[PlyCount "57"]
[EventDate "2009.??.??"]

1. d4 f5 2. h3 d6 3. g4 fxg4 4. hxg4 Bxg4 5. Qd3 Nf6 6. Bg5 Qd7 7. f3 Be6 8.
Bxf6 gxf6 9. d5 Bf7 10. Bh3 Qd8 11. Qb5+ Nd7 12. Nd2 Rb8 13. Nb3 a6 14. Qd3 Ne5
15. Qd2 c5 16. e4 h5 17. f4 Bh6 18. O-O-O Rg8 19. Ne2 Nc4 20. Qd3 b5 21. Rdg1
Rxg1+ 22. Rxg1 a5 23. Be6 Ne5 24. Qh3 a4 25. Nd2 Qa5 26. c3 a3 27. b3 c4 28.
fxe5 cxb3 29. Bxf7+ 1-0

[Event "Mechanics' Fall TNM; 30/90, SD/30"]
[Site "San Francisco"]
[Date "2009.11.24"]
[Round "6.6"]
[White "Manvelyan, Hayk"]
[Black "Afkham-Ebrahimi, Payam"]
[Result "0-1"]
[WhiteElo "2033"]
[BlackElo "1913"]
[PlyCount "68"]
[EventDate "2009.??.??"]

1. e4 c5 2. Nc3 Nc6 3. g3 Nf6 4. Bg2 d6 5. d3 g6 6. f4 Bg4 7. Nce2 Bg7 8. h3
Bd7 9. Nf3 O-O 10. O-O Qb6 11. Kh2 Ne8 12. Rb1 a5 13. Be3 Nd4 14. Nexd4 cxd4
15. Bg1 e5 16. c3 Qa6 17. cxd4 Bb5 18. Ne1 exd4 19. a4 Bc6 20. Nf3 Qb6 21. b3
Nc7 22. Qe2 f5 23. exf5 Rxf5 24. Qb2 Ne6 25. Rfe1 Re8 26. Rxe6 Rxe6 27. Bxd4
Qc7 28. Bxg7 Bxf3 29. Bxf3 Rc5 30. Bd5 Rxd5 31. Rc1 Rc5 32. Rxc5 Qxc5 33. Bh6
Re7 34. h4 Qh5 0-1

[Event "Mechanics' Fall TNM; 30/90, SD/30"]
[Site "San Francisco"]
[Date "2009.10.27"]
[Round "2.9"]
[White "Manvelyan, Hayk"]
[Black "Askin, David"]
[Result "1-0"]
[WhiteElo "2033"]
[BlackElo "1749"]
[PlyCount "51"]
[EventDate "2009.??.??"]

1. e4 c6 2. d4 d5 3. f3 dxe4 4. fxe4 e5 5. Nf3 Be6 6. c3 Nd7 7. Bd3 Ngf6 8. O-O
Qc7 9. Bg5 Be7 10. Nbd2 O-O 11. Nc4 Bxc4 12. Bxc4 Rfe8 13. Qb3 Rf8 14. a4 h6
15. Bxf6 Bxf6 16. Rad1 Qb6 17. Qa2 exd4 18. cxd4 a5 19. Kh1 Qc7 20. e5 Bd8 21.
e6 fxe6 22. Bxe6+ Kh8 23. Ne5 Rxf1+ 24. Rxf1 Nxe5 25. Rf8+ Kh7 26. Bf5+ 1-0

[Event "Mechanics' Fall TNM; 30/90, SD/30"]
[Site "San Francisco"]
[Date "2009.12.08"]
[Round "8.8"]
[White "Manvelyan, Hayk"]
[Black "Askin, Michael"]
[Result "0-1"]
[WhiteElo "2033"]
[BlackElo "1699"]
[PlyCount "88"]
[EventDate "2009.??.??"]

1. e4 e5 2. Nc3 d6 3. Bc4 Nc6 4. a3 Nf6 5. d3 Bg4 6. f3 Be6 7. Bxe6 fxe6 8. f4
exf4 9. Bxf4 e5 10. Bg5 Ne7 11. Bxf6 gxf6 12. Qh5+ Ng6 13. Nf3 Qd7 14. Nd5 Bg7
15. Nh4 Qf7 16. Nf5 O-O-O 17. O-O-O c6 18. Nde3 d5 19. Kb1 Bf8 20. Ng4 Qe6 21.
g3 Kb8 22. Rhe1 d4 23. Nh4 Be7 24. Nh6 Nxh4 25. Qxh4 c5 26. Qg4 Qb6 27. Qg7
Rhe8 28. Ka2 c4 29. dxc4 Qc6 30. Qf7 Qa4 31. Nf5 Bf8 32. Rd3 Qc6 33. Red1 Rc8
34. Qxh7 Qxc4+ 35. Rb3 Rc7 36. Qh5 Rec8 37. Rd2 a5 38. Kb1 a4 39. Rbd3 Rc6 40.
Qd1 Rb6 41. Ka1 Qb5 42. Qb1 Rc3 43. b3 Bxa3 44. Qa2 Ra6 0-1

[Event "Mechanics' Wilkerson Mem TNM; 30/90, SD"]
[Site "San Francisco"]
[Date "2009.09.15"]
[Round "7.3"]
[White "Manvelyan, Hayk"]
[Black "Chernobilskiy, Mikhail"]
[Result "1/2-1/2"]
[WhiteElo "2071"]
[BlackElo "1792"]
[PlyCount "87"]
[EventDate "2009.??.??"]

1. e4 g6 2. d4 Bg7 3. c4 c6 4. Nc3 d6 5. f4 h5 6. Nf3 Bg4 7. Be3 e6 8. Be2 Ne7
9. h3 Bxf3 10. Bxf3 Qa5 11. O-O Nd7 12. Qd3 Rb8 13. a3 a6 14. b4 Qc7 15. Rac1
O-O 16. g4 hxg4 17. hxg4 f6 18. Rc2 Kf7 19. f5 e5 20. fxg6+ Kxg6 21. d5 c5 22.
g5 Rh8 23. Rg2 Kf7 24. Bg4 b6 25. Be6+ Ke8 26. gxf6 Bxf6 27. Bxd7+ Qxd7 28.
Rxf6 Qh3 29. Nd1 Qh1+ 30. Kf2 Qh4+ 31. Ke2 Qxf6 32. Bg5 Qf7 33. Ne3 Qh5+ 34.
Kd2 Rg8 35. Bxe7 Rxg2+ 36. Nxg2 Kxe7 37. Qg3 Rf8 38. Nh4 Qh6+ 39. Kc2 Kd8 40.
Nf5 Qh5 41. Qg7 Rxf5 42. exf5 Qxf5+ 43. Kc3 Qf3+ 44. Kb2 1/2-1/2